Nền và móng

Sách giới thiệu các vấn đề về nền móng công trình. Nội dung sách tập trung vào tính toán thiết kế nền và móng của các công trình.

Gorde:
Xehetasun bibliografikoak
Egile nagusia: Phan, Hồng Quân
Formatua: Liburua
Hizkuntza:Undetermined
Argitaratua: Hà Nội Giáo dục 2007
Gaiak:
Etiketak: Etiketa erantsi
Etiketarik gabe, Izan zaitez lehena erregistro honi etiketa jartzen!
Thư viện lưu trữ: Trung tâm Học liệu Trường Đại học Cần Thơ
LEADER 00725nam a2200205Ia 4500
001 CTU_122845
008 210402s9999 xx 000 0 und d
020 |c 35500 
082 |a 624.15 
082 |b Qu121 
100 |a Phan, Hồng Quân 
245 0 |a Nền và móng 
245 0 |c Phan Hồng Quân 
260 |a Hà Nội 
260 |b Giáo dục 
260 |c 2007 
520 |a Sách giới thiệu các vấn đề về nền móng công trình. Nội dung sách tập trung vào tính toán thiết kế nền và móng của các công trình. 
650 |a Foundation 
904 |i Giang, Huỳnh Mai 
980 |a Trung tâm Học liệu Trường Đại học Cần Thơ